| 000 | 00537nam a22001817a 4500 | ||
|---|---|---|---|
| 005 | 20260205122351.0 | ||
| 008 | 260205b |||||||| |||| 00| 0 eng d | ||
| 020 | _a978-81-203-3869-2 | ||
| 050 | _aTD 785 .S27 2025 | ||
| 100 | _aSASIKUMAR, K. | ||
| 245 | _aSOLID WASTE MANAGEMENT | ||
| 260 |
_aDELHI, _bPHI LEARNING PRIVATE LIMITED, _c2025 |
||
| 300 | _axiii , 294 p, ILL | ||
| 500 | _aINCLUDES BIBLIOGRAPHICAL REFERENCES AND INDEX | ||
| 650 | _aOREFUSE AND REFUSE DISPOSAL. | ||
| 700 | _aKRISHNA, SANOOP GOPI | ||
| 942 |
_2lcc _cBK |
||
| 999 |
_c216559 _d216559 |
||